Estudio prc̀tico y jurisprudencial de la atribucin̤ del uso de la vivienda familiar

Bibliographic Details
Main Author: Gonzl̀ez Coloma, Gema
Format: eBook
Language:Spanish
Published: Madrid: Dykinson, 2019
Subjects:
Online Access:Acceso restringido

MARC

LEADER 00000nam a22000007a 4500
005 20190830220734.0
007 cr|||| ||||
008 190830s2019 es |||||s|||| 00||0 spa d
020 |a 978-84-1324-220-0 
035 |a 24182 
040 |a vLex 
090 |c 9334  |d 9334 
100 1 |a Gonzl̀ez Coloma, Gema 
245 1 0 |a Estudio prc̀tico y jurisprudencial de la atribucin̤ del uso de la vivienda familiar  |h [Recurso electrn̤ico] /  |c Gema Gonzl̀ez Coloma 
256 |a Servicio en ln̕ea 
260 |a Madrid:  |b Dykinson,  |c 2019 
300 |a 1 recurso electrn̤ico 
500 |a La obra que se presenta constituye un estudio crt̕ico, prc̀tico, actual y accesible al lector en torno a la atribucin̤ del derecho de uso de la vivienda familiar, centro neurl̀gico de la convivencia familiar y probablemente el bien con mayor valor econm̤ico. As ̕mismo, se realiza una interpretacin̤ de la norma contenida en el artc̕ulo 96 del CC, que requiere de una urgente y profunda revisin̤ legislativa para su adaptacin̤ a la realidad social del momento actual y la consecuente creacin̤ de nuevas fr̤mulas de atribucin̤ del uso. Igualmente, se aborda su discutida naturaleza jurd̕ica, sus caracters̕ticas y lm̕ites junto al anl̀isis detallado de la evolucin̤ jurisprudencial seguida por el Tribunal Supremo en estos l︢timos aǫs, tanto en procesos matrimoniales como en convivencias estables de pareja. 
506 1 |a Disponible solo en los productos indicados  |d vLex Global  |d vLex Global (Academic Edition, excluding Law Schools)  |d vLex Global (U.S. Academic Edition, Law Schools)  |d vLex Global (U.S. Academic Edition, excluding Law Schools)  |d vLex Global (Academic Edition, Law Schools) 
650 0 4 |a Familia y Sucesiones  |z Espaą 
650 0 4 |a Derechos Reales  |z Espaą 
740 0 |a vLex Libros (Servicio en ln̕ea) 
856 4 0 |u http://vlex.com/source/estudio-practico-y-jurisprudencial-de-la-atribucion-del-uso-de-la-vivienda-familiar-24182  |z Acceso restringido 
942 |c BOOK 
999 0 |a Family and Successions 
999 0 |a Real Rights